00000000nas 2200000za 4500
0019.855604
003CaOODSP
00520221107155335
007cr |||||||||||
008180420d19371947oncar p oss  f0###a0eng|d
040 |aCaOODSP|beng
043 |an-cn---
0861 |aCS47-204E-PDF
24500|aReport on the sporting goods industry in Canada |h[electronic resource].
24616|aSporting goods industry in Canada
260 |aOttawa : |bDominion Bureau of Statistics, General Manufactures Branch, |c1939-1949.
310 |aAnnual
3620 |a1937-1947.
500 |aCover title.
500 |aSome issues lack cover and cover title.
550 |aIssued 1945-1946 by General Manufacturing Statistics; 1947 by General Manufactures Section.
69207|2gccst|aManufacturing industry
7101 |aCanada. |bDominion Bureau of Statistics.
7101 |aCanada. |bCensus of Industry. |bGeneral Manufactures Branch.
7101 |aCanada. |bDominion Bureau of Statistics. |bGeneral Manufactures Section.
7101 |aCanada.|bCensus of Industry.|bGeneral Manufacturing Statistics.
78000|tSporting goods |w(CaOODSP)9.855585
78500|tThe sporting goods industry |w(CaOODSP)9.855610